000 00621nam a22002177a 4500
008 151119b xxu||||| |||| 00| 0 eng d
020 _a0673468836
041 0 _aeng
080 _a316.77
100 1 _aAgee, Warren Kendall.
245 1 0 _aIntroduction to mass communications /
_cWarren K. Agee, Phillip H. Ault, Edwin Emery.
250 _a11th ed.
260 _aNew York, NY :
_bHarperCollins College Publishers,
_cc1994.
300 _axiv, 570 f. :
_bme ill. ;
_c23 cm.
650 0 _aMedia
650 0 _aKomunikim
650 0 _aMasiv
700 1 _aAult, Phillip H.,
700 1 _aEmery, Edwin.
942 _2udc
_cBK
999 _c1367
_d1367